header

Marijuana and medicine (Record no. 58076)

MARC details
000 -LEADER
fixed length control field 01423nam a22003254a 4500
082 04 - DEWEY DECIMAL CLASSIFICATION NUMBER
Classification number 615/.32345
245 00 - TITLE STATEMENT
Title Marijuana and medicine
260 ## - PUBLICATION, DISTRIBUTION, ETC. (IMPRINT)
Place of publication Washington, D.C. :
Name of publisher National Academy Press,
Year of publication c1999.
300 ## - PHYSICAL DESCRIPTION
Number of Pages xvi, 267 p. :
Other physical details ill.
650 #0 - SUBJECT ADDED ENTRY--TOPICAL TERM
Topical Term Marijuana
Topical Term Cannabinoids
700 1# - ADDED ENTRY--PERSONAL NAME
Personal name Joy, Janet E.
Personal name Watson, Stanley J.,
Personal name Benson, John A.,
856 40 - ELECTRONIC LOCATION AND ACCESS
Uniform Resource Identifier http://site.ebrary.com/lib/rucke/Doc?id=10038785

No items available.

© 2026 Rongo University
Contact us: librarian | system librarian | Rongo university